Score 0/20 Timer 02:00
4 Plays Today
Song Missing Word % Correct
Walk _____ WayThis
91.6%
Janie's Got A _____Gun
85.9%
Same ____ Song and DanceOld
84.6%
I Don't Wanna _____ A ThingMiss
82.9%
_____ (Looks Like A Lady)Dude
82.9%
_______ On The EdgeLivin'
74.4%
Dream ____On
72.1%
Rag _____Doll
65.1%
Draw The ______Line
60.2%
Love In An ______Elevator
59.2%
Song Missing Word % Correct
Sweet _____Emotion
53.6%
Back In The _______Saddle
47.3%
The ____ SideOther
38%
_____ In The AtticToys
33.5%
____ Kept A-Rollin'Train
32.3%
Just ____ PlayPush
29.6%
Permanent _______Vacation
25.9%
_____ LivesNine
24.5%
Hole in my ____Soul
18.2%
Last _____Child
16.7%

Today's Daily Dose

Missing Word
Lizzo Songs

Get the Picture
The Longest Rivers

Remove Ads.
Support Sporcle.
Get the best of Sporcle when you Go Orange. This ad-free experience offers more features, more stats, and more fun while also helping to support Sporcle. Thank you for becoming a member.

You're not logged in!

Compare scores with friends on all Sporcle quizzes.
OR
Log In

Show Comments

Extras

Top Quizzes Today


Score Distribution

Your Account Isn't Verified!

In order to create a playlist on Sporcle, you need to verify the email address you used during registration. Go to your Sporcle Settings to finish the process.

Report this User

Report this user for behavior that violates our Community Guidelines.

Details: